| 000 | 00439nam a2200169Ia 4500 | ||
|---|---|---|---|
| 003 | GCL | ||
| 008 | 140319s9999 xx 000 0 eng d | ||
| 040 |
_aGCL / _cGCL |
||
| 082 | 0 | 4 |
_a658.4012 _bH M |
| 100 | 1 | _aLACKMAR, JANET | |
| 245 | 1 | 0 |
_aMAPPING STRATEGIC THOUGHT / _cLACKMAR, JANET |
| 260 |
_a[S.N] : _bMACMILLAN PUBLISHING COMPANY ، _c1990 |
||
| 300 | _a428 P | ||
| 650 | 0 | 4 | _aMAPPING |
| 650 | 0 | 4 | _aMAPS ANALYSIS |
| 942 |
_2ddc _cBK |
||
| 999 |
_c17813 _d17813 |
||